ბათუმის შოთა რუსთაველის სახელმწიფო უნივერსიტეტის ბიბლიოთეკა

Констиуционно-правое регулирование отношений между Российской федерацией и ее субъектами / (ბიბ.ჩანაწერი № 36073)

000 -LEADER
fixed length control field 00919nam a2200217Ia 4500
001 - CONTROL NUMBER
control field 1973
003 - CONTROL NUMBER IDENTIFIER
control field GE_BSU
005 - DATE AND TIME OF LATEST TRANSACTION
control field 20221010134600.0
008 - FIXED-LENGTH DATA ELEMENTS--GENERAL INFORMATION
fixed length control field 181216s2004ru xx |||||||||||||| ||rus||
020 ## - INTERNATIONAL STANDARD BOOK NUMBER
International Standard Book Number 5942013551
040 ## - CATALOGING SOURCE
Transcribing agency GE_BSU
041 ## - LANGUAGE CODE
Language code of text/sound track or separate title rus
080 ## - UNIVERSAL DECIMAL CLASSIFICATION NUMBER
Universal Decimal Classification number 342.4 Ч-49
100 ## - MAIN ENTRY--PERSONAL NAME
Personal name Чернов, С.Н.
9 (RLIN) 15188
245 ## - TITLE STATEMENT
Title Констиуционно-правое регулирование отношений между Российской федерацией и ее субъектами /
Statement of responsibility, etc. С.Н. Чернов.
264 ## - PRODUCTION, PUBLICATION, DISTRIBUTION, MANUFACTURE, AND COPYRIGHT NOTICE
Place of production, publication, distribution, manufacture СПБ :
Name of producer, publisher, distributor, manufacturer Р. Асланова ,,Юридический центр Пресс,
Date of production, publication, distribution, manufacture, or copyright notice 2004.
300 ## - PHYSICAL DESCRIPTION
Extent 559 с.
Other physical details 21 см.
653 ## - INDEX TERM--UNCONTROLLED
keyword Констиуционно-правое регулирование отношений между Российской федерацией и ее субъектами
653 ## - INDEX TERM--UNCONTROLLED
keyword სამართალი
942 ## - ADDED ENTRY ELEMENTS (KOHA)
Koha item type წიგნი
Source of classification or shelving scheme
ეგზემპლარები
Withdrawn status Lost status Source of classification or shelving scheme Damaged status Not for loan Permanent Location Current Location Shelving location Date acquired Cost, normal purchase price Full call number Barcode Date last seen Copy number Price effective from Koha item type Public note
          ბათუმის შოთა რუსთაველის სახელმწიფო უნივერსიტეტის მთავარი ბიბლიოთეკა ბათუმის შოთა რუსთაველის სახელმწიფო უნივერსიტეტის მთავარი ბიბლიოთეკა წიგნსაცავი 2018-12-17 25.00 342.4 Ч-49 3913 2018-12-17 3913 2018-12-17 წიგნი 25.00